000
00266nam a22001217a 4500
999
_c
164828
_d
164828
082
_a
_b
100
_a
Vanaja K
245
_a
Sameekshaka sashya/
_c
by Vanaja K.
260
_a
Mathura:
_b
Jawahar Pustakalaya,
_c
2008.
300
_a
117p.
650
_a
942
_c
BK